[Event "POR-ch"]
[Site "Vila Real"]
[Date "2005.08.10"]
[Round "8"]
[White "Costa, Joao Guerra"]
[Black "Pinheiro, Jose"]
[Result "1/2-1/2"]
[WhiteElo "2258"]
[BlackElo "2362"]
[PlyCount "69"]
[EventDate "2005.08.03"]
[EventType "tourn"]
[EventRounds "9"]
[EventCountry "POR"]
[EventCategory "5"]
[SourceTitle "CBM 107 Extra"]
[Source "ChessBase"]
[SourceDate "2005.09.01"]
[SourceVersion "1"]
[SourceVersionDate "2005.09.01"]
[SourceQuality "1"]

1. e4 c5 2. Nf3 e6 3. d4 cxd4 4. Nxd4 a6 5. c4 Qc7 6. Nc3 Nf6 7. a3 b6 8. Be3 Bb7 9. f3 Be7 10. Rc1 d6 11. Be2 0-0 12. 0-0 Nbd7 13. b4 Rac8 14. Qd2 Qb8 15. Kh1 Rfe8 16. Rc2 Bd8 17. Rb1 Bc7 18. Bg1 Qa8 19. Na4 h6 20. c5 bxc5 21. bxc5 Nxc5 22. Nxc5 dxc5 23. Rxc5 Bd6 24. Ra5 Rc5 25. Nb5 Nxe4 26. fxe4 Bxe4 27. Bd3 Bf4 28. Qe2 Bxd3 29. Qxd3 Rg5 30. Qe2 Rd8 31. Ra4 Rd2 32. Qe4 Qxe4 33. Rxe4 axb5 34. Rxf4 Rdxg2 35. h4 1/2-1/2

[Event "POR-ch"]
[Site "Vila Real"]
[Date "2005.08.09"]
[Round "7"]
[White "Diogo, Vasco Andre Marcalo"]
[Black "Costa, Joao Guerra"]
[Result "1/2-1/2"]
[WhiteElo "2155"]
[BlackElo "2258"]
[PlyCount "117"]
[EventDate "2005.08.03"]
[EventType "tourn"]
[EventRounds "9"]
[EventCountry "POR"]
[EventCategory "5"]
[SourceTitle "CBM 107 Extra"]
[Source "ChessBase"]
[SourceDate "2005.09.01"]
[SourceVersion "1"]
[SourceVersionDate "2005.09.01"]
[SourceQuality "1"]

1. e4 b6 2. d4 Bb7 3. Nc3 e6 4. Bd3 g6 5. Nf3 Bg7 6. Bg5 Ne7 7. Qd2 h6 8. Be3 d6 9. 0-0-0 Nd7 10. Rhe1 a6 11. d5 exd5 12. exd5 Ne5 13. Be2 Nf5 14. Bf4 0-0 15. h3 g5 16. Bh2 Nxf3 17. gxf3 Nd4 18. f4 gxf4 19. Bxf4 Qf6 20. Be3 Nf5 21. Bf4 b5 22. a3 b4 23. axb4 a5 24. b5 a4 25. Rg1 a3 26. Kb1 axb2 27. Kxb2 Ra4 28. Rxg7+ Nxg7 29. Be3 Rfa8 30. Rb1 Nf5 31. Kc1 Ra1 32. Bc4 Nxe3 33. Qxe3 Qe5 34. Rxa1 Qxe3+ 35. fxe3 Rxa1+ 36. Nb1 Kg7 37. Kb2 Ra8 38. e4 Kf6 39. Nd2 Ke5 40. Bd3 Kf4 41. Kc3 Bc8 42. Bf1 Rb8 43. Kd4 Kg3 44. e5 dxe5+ 45. Kxe5 Bxh3 46. Ne4+ Kh4 47. Bxh3 Kxh3 48. c4 Kg4 49. d6 cxd6+ 50. Kxd6 f5 51. Nf6+ Kh4 52. Kc7 Rf8 53. Nd7 Rg8 54. b6 f4 55. Ne5 Kg3 56. b7 f3 57. Nxf3 Kxf3 58. c5 Ke4 59. Kd6 1/2-1/2

[Event "POR-ch"]
[Site "Vila Real"]
[Date "2005.08.08"]
[Round "6"]
[White "Costa, Joao Guerra"]
[Black "Damaso, Rui"]
[Result "0-1"]
[WhiteElo "2258"]
[BlackElo "2432"]
[PlyCount "64"]
[EventDate "2005.08.03"]
[EventType "tourn"]
[EventRounds "9"]
[EventCountry "POR"]
[EventCategory "5"]
[SourceTitle "CBM 107 Extra"]
[Source "ChessBase"]
[SourceDate "2005.09.01"]
[SourceVersion "1"]
[SourceVersionDate "2005.09.01"]
[SourceQuality "1"]

1. e4 c5 2. Nf3 Nc6 3. d4 cxd4 4. Nxd4 Qb6 5. Nb3 Nf6 6. Nc3 e6 7. Be3 Qc7 8. f4 d6 9. Be2 a6 10. 0-0 b5 11. Bf3 Bb7 12. Qe1 Be7 13. Qg3 0-0 14. f5 Kh8 15. Qh3 Rae8 16. fxe6 fxe6 17. Ne2 e5 18. c3 Nb8 19. Nd2 Nbd7 20. g4 d5 21. g5 Bc5 22. Bxc5 Qxc5+ 23. Kh1 Nxe4 24. Bxe4 dxe4 25. Qxd7 Bc6 26. Qh3 Qd5 27. Qe3 Qxd2 28. Qc5 e3+ 29. Qxc6 Qxe2 30. Qg2 Rf2 31. Rxf2 exf2 32. Rf1 Rf8 0-1

[Event "POR-ch"]
[Site "Vila Real"]
[Date "2005.08.07"]
[Round "5"]
[White "Fernandes, Antonio ETG"]
[Black "Costa, Joao Guerra"]
[Result "1-0"]
[WhiteElo "2444"]
[BlackElo "2258"]
[PlyCount "105"]
[EventDate "2005.08.03"]
[EventType "tourn"]
[EventRounds "9"]
[EventCountry "POR"]
[EventCategory "5"]
[SourceTitle "CBM 107 Extra"]
[Source "ChessBase"]
[SourceDate "2005.09.01"]
[SourceVersion "1"]
[SourceVersionDate "2005.09.01"]
[SourceQuality "1"]

1. d4 f5 2. c4 Nf6 3. g3 g6 4. Bg2 Bg7 5. Nf3 0-0 6. 0-0 d6 7. Nc3 c6 8. d5 e5 9. dxe6 Bxe6 10. Qd3 Ng4 11. Ng5 Bc8 12. h4 Ne5 13. Qd2 h6 14. Nh3 Qa5 15. Rd1 Rd8 16. Qf4 Qb4 17. h5 gxh5 18. Qh4 Nf7 19. Bd2 Qb6 20. b3 Nd7 21. Nf4 Nf6 22. Na4 Qc7 23. Bc3 Ng5 24. Nxh5 Nxh5 25. Qxh5 Bxc3 26. Nxc3 Qg7 27. Rd3 Ne4 28. Rc1 Nf6 29. Qh4 Be6 30. Rcd1 Ng4 31. Bf3 Ne5 32. Rxd6 Nxf3+ 33. exf3 Rxd6 34. Rxd6 Bf7 35. Rf6 Re8 36. Kg2 Bg6 37. Qd4 Kh7 38. Rd6 Re7 39. Nd1 Rf7 40. f4 Re7 41. Ne3 Qf7 42. Qxa7 Re4 43. Qb8 Re7 44. Qd8 Qg7 45. Rd2 h5 46. Qd4 Qf7 47. Qd6 h4 48. Rd1 hxg3 49. Rh1+ Kg8 50. Qd8+ Re8 51. Qh4 Qg7 52. Qxg3 Re4 53. Rd1 1-0

[Event "Olympiad-36"]
[Site "Mallorca"]
[Date "2004.10.18"]
[Round "4"]
[White "Berg, Emanuel"]
[Black "Costa, Joao Guerra"]
[Result "1-0"]
[WhiteElo "2529"]
[BlackElo "2284"]
[PlyCount "65"]
[EventDate "2004.10.15"]
[EventType "team-swiss"]
[EventRounds "14"]
[EventCountry "ESP"]
[SourceTitle "CBM 104"]
[Source "ChessBase"]
[SourceDate "2005.01.27"]
[SourceVersion "1"]
[SourceVersionDate "2005.01.27"]
[SourceQuality "1"]
[WhiteTeam "Sweden"]
[BlackTeam "Portugal"]
[WhiteTeamCountry "SWE"]
[BlackTeamCountry "POR"]

1. e4 c5 2. Nf3 e6 3. d4 cxd4 4. Nxd4 a6 5. Bd3 Nf6 6. f4 d6 7. Nc3 Be7 8. Be3 Qc7 9. Qf3 b5 10. 0-0-0 Bb7 11. g4 b4 12. Nce2 d5 13. e5 Ne4 14. Ng3 Nc5 15. Kb1 Nbd7 16. Rhe1 g6 17. Qe2 Na4 18. Qf2 Ndc5 19. Nb3 0-0 20. Bd4 Rfc8 21. h4 a5 22. h5 Ba6 23. hxg6 fxg6 24. Rh1 Bf8 25. f5 Bxd3 26. cxd3 Nxb3 27. axb3 Nc5 28. fxg6 hxg6 29. Bxc5 Qxc5 30. Rh8+ Kxh8 31. Qf6+ Kg8 32. Qxg6+ Bg7 33. Qxe6+ 1-0

[Event "Canadian op"]
[Site "Kapuskasing"]
[Date "2004.07.11"]
[Round "3"]
[White "Zubac, Marius"]
[Black "Costa, Joao Guerra"]
[Result "1-0"]
[WhiteElo "2185"]
[BlackElo "2209"]
[PlyCount "75"]
[EventDate "2004.07.10"]
[EventType "swiss"]
[EventRounds "10"]
[EventCountry "CAN"]
[SourceTitle "CBM 101 Extra"]
[Source "ChessBase"]
[SourceDate "2004.09.01"]
[SourceVersion "2"]
[SourceVersionDate "2004.09.01"]
[SourceQuality "1"]

1. d4 f5 2. g4 fxg4 3. h3 g3 4. fxg3 Nf6 5. Nc3 d5 6. Qd3 Nc6 7. Nf3 g6 8. g4 Qd6 9. Be3 a6 10. a3 Bg7 11. Qd2 Ne4 12. Nxe4 dxe4 13. Ng5 Nxd4 14. 0-0-0 e5 15. Bg2 0-0 16. Kb1 Qe7 17. c3 Ne6 18. Nxe4 Rb8 19. Qd5 Kh8 20. Bf3 b6 21. h4 Rd8 22. Qc6 Bb7 23. Rxd8+ Nxd8 24. Qc4 Ne6 25. h5 g5 26. h6 Bf6 27. Rf1 b5 28. Qb4 Nf4 29. Bc5 Qe6 30. Qa5 Rc8 31. Nxg5 Bxg5 32. Bxb7 Rg8 33. Qxc7 Bxh6 34. Bd6 Bg7 35. Rh1 Qxg4 36. Be4 Ng6 37. Qb7 Qxe2 38. Bxg6 1-0